000 00604nam a2200169 4500
001 4727
005 20181127174008.0
090 0 0 _aPOL.SCI CAP No.3
245 0 0 _aGift giving culture in the Bhutanese society /
_b
_cStudent Work.
_h
260 0 0 _a[Thimphu] :
_b[Royal Thimphu College],
_c2015.
300 _a21 leaves.
_b
_c
_e
500 _aRecommended.
500 _aStudent research project for BA, Political Science(Capstone Project):(2015): DOlma Roder, lecturer.
500 0 0 _aSpiral-bound xerographic copy.
650 _aBhutan
_vSocial life and customs.
_x
_y
_z
_2
650 _aCapstone Project.
_v
_x
_y
_z
_2
999 _c3928
_d3928